[Event "Titled Tuesday intern op 01st Dec"]
[Site "Chess.com INT"]
[Date "2020.12.01"]
[Round "2"]
[White "Zavarce Sayago, Oscar Enrique"]
[Black "Goltsev, Dmitry"]
[Result "0-1"]
[WhiteElo "2305"]
[BlackElo "2312"]
[PlyCount "66"]
[EventDate "2020.12.01"]
[EventType "swiss (blitz)"]
[EventRounds "11"]
[EventCountry "USA"]
[SourceTitle "CBM 199 Extra"]
[Source "ChessBase"]
[SourceDate "2021.01.31"]
[SourceVersion "1"]
[SourceVersionDate "2021.01.31"]
[SourceQuality "1"]

1. e4 c5 2. Nf3 e6 3. d4 cxd4 4. Nxd4 a6 5. c4 Qc7 6. Nc3 Nf6 7. Be2 Nc6 8. 0-0 h5 9. Be3 Ng4 10. Bxg4 hxg4 11. g3 Ne5 12. Bf4 Bc5 13. Nb3 Bd6 14. Bxe5 Bxe5 15. Rc1 b6 16. Qxg4 Bb7 17. f3 0-0 18. Rf2 Qxc4 19. Nd5 exd5 20. Rxc4 dxc4 21. Nd2 Bxb2 22. Nxc4 Bd4 23. Qxd7 Bxf2+ 24. Kxf2 Bc8 25. Qc6 Be6 26. Nxb6 Rad8 27. Nc4 Rc8 28. Qxa6 Rxc4 29. Qb7 Rc2+ 30. Ke3 Rxa2 31. f4 Ra3+ 32. Kd4 Rd8+ 33. Ke5 Ra5+ 0-1

[Event "VEN-ch"]
[Site "Guatire"]
[Date "2020.01.30"]
[Round "9"]
[White "Palencia Morales, Wilson Guillermo"]
[Black "Zavarce Sayago, Oscar Enrique"]
[Result "1/2-1/2"]
[WhiteElo "2336"]
[BlackElo "2265"]
[PlyCount "72"]
[EventDate "2020.01.25"]
[EventType "tourn"]
[EventRounds "9"]
[EventCountry "VEN"]
[EventCategory "1"]
[SourceTitle "CBM 194 Extra"]
[Source "ChessBase"]
[SourceDate "2020.03.31"]
[SourceVersion "1"]
[SourceVersionDate "2020.03.31"]
[SourceQuality "1"]

1. e4 c5 2. Nf3 Nc6 3. d4 cxd4 4. Nxd4 e6 5. Be2 d6 6. Nc3 Nf6 7. Bg5 Qb6 8. Nb3 a6 9. Qd2 Bd7 10. g4 Qc7 11. f4 Be7 12. 0-0-0 0-0-0 13. Bh4 h6 14. Bg3 Be8 15. Bf3 g5 16. Kb1 gxf4 17. Qxf4 Ne5 18. Be2 Kb8 19. h3 Nfd7 20. Qf2 Nb6 21. Rd4 Bc6 22. Rhd1 Ka8 23. Bh2 Nbd7 24. Bg1 Nc5 25. Nxc5 dxc5 26. Rxd8+ Rxd8 27. Rxd8+ Qxd8 28. Bh2 f6 29. Bf4 Bf8 30. Qe3 Nf7 31. Bc4 Qd7 32. a4 Ne5 33. Be2 Nf7 34. Bc4 Ne5 35. Be2 Nf7 36. Bc4 Ne5 1/2-1/2

[Event "VEN-ch"]
[Site "Guatire"]
[Date "2020.01.29"]
[Round "8"]
[White "Zavarce Sayago, Oscar Enrique"]
[Black "Brizuela Abreu, Ronald Jesus"]
[Result "1/2-1/2"]
[WhiteElo "2265"]
[BlackElo "2375"]
[PlyCount "47"]
[EventDate "2020.01.25"]
[EventType "tourn"]
[EventRounds "9"]
[EventCountry "VEN"]
[EventCategory "1"]
[SourceTitle "CBM 194 Extra"]
[Source "ChessBase"]
[SourceDate "2020.03.31"]
[SourceVersion "1"]
[SourceVersionDate "2020.03.31"]
[SourceQuality "1"]

1. Nf3 Nf6 2. c4 c5 3. g3 d5 4. cxd5 Nxd5 5. Nc3 Nc7 6. Bg2 Nc6 7. 0-0 e5 8. d3 Be7 9. Nd2 Bd7 10. b3 0-0 11. Bb2 Rb8 12. Rc1 f6 13. Re1 Re8 14. Qc2 Bf8 15. Qb1 Kh8 16. Nce4 Na6 17. h3 Be6 18. Kh2 Qd7 19. a3 Rbc8 20. e3 Red8 21. Bf1 Na5 22. Bc3 Nc6 23. Bb2 Na5 24. Bc3 1/2-1/2

[Event "VEN-ch"]
[Site "Barquisimeto"]
[Date "2019.04.14"]
[Round "3"]
[White "Hernandez, Oscar"]
[Black "Zavarce Sayago, Oscar Enrique"]
[Result "1/2-1/2"]
[WhiteElo "1990"]
[BlackElo "2353"]
[PlyCount "149"]
[EventDate "2019.04.13"]
[EventType "swiss"]
[EventRounds "9"]
[EventCountry "VEN"]
[SourceTitle "CBM 189 Extra"]
[Source "ChessBase"]
[SourceDate "2019.06.03"]
[SourceVersion "1"]
[SourceVersionDate "2019.06.03"]
[SourceQuality "1"]

1. d4 Nf6 2. Nf3 c5 3. d5 b5 4. c4 Bb7 5. e3 g6 6. Nc3 b4 7. Ne2 Bg7 8. Ng3 h5 9. h3 e6 10. dxe6 dxe6 11. Qxd8+ Kxd8 12. Ng5 Ke7 13. h4 Rd8 14. f3 Nbd7 15. Bd2 Ne5 16. 0-0-0 a5 17. Kb1 Ba6 18. b3 a4 19. Be2 axb3 20. axb3 Ned7 21. Bc1 Bb7 22. Rd2 Ra5 23. Ra2 Rxa2 24. Kxa2 Ne8 25. Bb2 Be5 26. Bxe5 Nxe5 27. Rd1 Nd6 28. Nh3 Rg8 29. Kb2 f6 30. Nf4 Rd8 31. Ra1 Ra8 32. Rxa8 Bxa8 33. Kc2 Bc6 34. Bf1 Be8 35. Kd2 Bf7 36. Bd3 Be8 37. Bc2 f5 38. e4 Bc6 39. exf5 exf5 40. Bd1 Kf6 41. Nf1 Nc8 42. Ne3 Ne7 43. Be2 Nd7 44. Nd3 Ke6 45. Nf4+ Ke5 46. Nd3+ Kd6 47. g3 Nf6 48. Ng2 Be8 49. Ngf4 Nc6 50. Bd1 Bf7 51. Ke3 Nd7 52. Be2 Ndb8 53. Bd1 Nd8 54. Be2 Nbc6 55. Bd1 Nb7 56. Ne2 Nb8 57. Nef4 Na5 58. Bc2 Nbc6 59. Ne2 Nd8 60. Nef4 Ndc6 61. Ne2 Nd8 62. Nef4 Nab7 63. Bd1 Nc6 64. Ne2 Ke7 65. Nec1 Kf6 66. Ne2 Nca5 67. Ng1 Nc6 68. f4 Ke6 69. Bf3 Be8 70. Bd5+ Kd6 71. Nf3 Nba5 72. Bxc6 Bxc6 73. Nd2 Bb7 74. Ne5 Be4 75. Nd3 1/2-1/2

[Event "VEN-ch"]
[Site "Barquisimeto"]
[Date "2019.04.14"]
[Round "2"]
[White "Zavarce Sayago, Oscar Enrique"]
[Black "Diaz Leon, Richard"]
[Result "0-1"]
[WhiteElo "2353"]
[BlackElo "2065"]
[PlyCount "84"]
[EventDate "2019.04.13"]
[EventType "swiss"]
[EventRounds "9"]
[EventCountry "VEN"]
[SourceTitle "CBM 189 Extra"]
[Source "ChessBase"]
[SourceDate "2019.06.03"]
[SourceVersion "1"]
[SourceVersionDate "2019.06.03"]
[SourceQuality "1"]

1. Nf3 Nf6 2. c4 e6 3. g3 c5 4. Bg2 Nc6 5. 0-0 b6 6. d4 Bb7 7. d5 Na5 8. Nh4 exd5 9. cxd5 d6 10. e4 g6 11. f4 Bg7 12. Nc3 Nd7 13. Nb5 Nc4 14. Qe2 a6 15. Nc3 b5 16. a4 0-0 17. Rd1 Re8 18. axb5 axb5 19. Rxa8 Qxa8 20. Nxb5 Qa4 21. Nc3 Qb3 22. Rd3 Ba6 23. Qd1 Rb8 24. Qxb3 Rxb3 25. Rf3 Bd4+ 26. Kh1 Nxb2 27. Ne2 Nd3 28. Nxd4 cxd4 29. Bf1 N7c5 30. Kg2 Nxc1 31. Bxa6 Nxa6 32. Rxb3 Nxb3 33. Kf3 d3 34. e5 Nac5 35. exd6 Kf8 36. Ng2 Ke8 37. Ne3 d2 38. Ke2 Ne4 39. Kd3 Nf2+ 40. Kc2 d1Q+ 41. Nxd1 Nxd1 42. Kxb3 Kd7 0-1

[Event "VEN-ch"]
[Site "Barquisimeto"]
[Date "2019.04.13"]
[Round "1"]
[White "Arias Serrano, Luis Antonio"]
[Black "Zavarce Sayago, Oscar Enrique"]
[Result "0-1"]
[WhiteElo "2128"]
[BlackElo "2353"]
[PlyCount "62"]
[EventDate "2019.04.13"]
[EventType "swiss"]
[EventRounds "9"]
[EventCountry "VEN"]
[SourceTitle "CBM 189 Extra"]
[Source "ChessBase"]
[SourceDate "2019.06.03"]
[SourceVersion "1"]
[SourceVersionDate "2019.06.03"]
[SourceQuality "1"]

1. Nf3 c5 2. c4 Nc6 3. Nc3 g6 4. g3 Bg7 5. Bg2 Nh6 6. 0-0 Nf5 7. d3 0-0 8. Bd2 e6 9. Ng5 h6 10. Nge4 d6 11. a3 a6 12. Rb1 Nfe7 13. f4 d5 14. cxd5 exd5 15. Nf2 Be6 16. b4 cxb4 17. axb4 d4 18. Na4 Bd5 19. Bxd5 Nxd5 20. b5 axb5 21. Rxb5 Nc3 22. Bxc3 dxc3 23. e3 Qe8 24. Nb6 Qxe3 25. Nxa8 Nd4 26. Ra5 c2 27. Qg4 h5 28. Qd7 Nf3+ 29. Kg2 Ne1+ 30. Rxe1 Qxe1 31. Rc5 Bc3 0-1

[Event "Olympiad-43"]
[Site "Batumi"]
[Date "2018.10.01"]
[Round "7.39"]
[White "Zavarce Sayago, Oscar Enrique"]
[Black "Bilguun, Sumiya"]
[Result "0-1"]
[WhiteElo "2346"]
[BlackElo "2489"]
[PlyCount "56"]
[EventDate "2018.09.24"]
[EventType "team-swiss"]
[EventRounds "11"]
[EventCountry "GEO"]
[SourceTitle "CBM 187"]
[Source "ChessBase"]
[SourceDate "2018.12.11"]
[SourceVersion "1"]
[SourceVersionDate "2018.12.11"]
[SourceQuality "1"]
[WhiteTeam "Venezuela"]
[BlackTeam "Mongolia"]
[WhiteTeamCountry "VEN"]
[BlackTeamCountry "MGL"]

1. e4 c5 2. Nf3 e6 3. d4 cxd4 4. Nxd4 a6 5. c4 Nf6 6. Nc3 Qc7 7. Be2 Bb4 8. Qd3 0-0 9. 0-0 d6 10. f3 Nbd7 11. Be3 Ne5 12. Qd2 Nxc4 13. Bxc4 Qxc4 14. Rac1 e5 15. Nde2 Be6 16. a3 Bc5 17. Rfd1 Qb3 18. Bxc5 dxc5 19. Nd5 Bxd5 20. exd5 Rfd8 21. Rxc5 Qb6 22. Qe3 Rxd5 23. Rdxd5 Nxd5 24. Qf2 Rd8 25. g3 Qxb2 26. Kg2 h6 27. a4 Nb4 28. Qe3 Nc6 0-1

[Event "Olympiad-43"]
[Site "Batumi"]
[Date "2018.09.30"]
[Round "6.19"]
[White "Zavarce Sayago, Oscar Enrique"]
[Black "Nenezic, Marko"]
[Result "0-1"]
[WhiteElo "2346"]
[BlackElo "2495"]
[PlyCount "80"]
[EventDate "2018.09.24"]
[EventType "team-swiss"]
[EventRounds "11"]
[EventCountry "GEO"]
[SourceTitle "CBM 187"]
[Source "ChessBase"]
[SourceDate "2018.12.11"]
[SourceVersion "1"]
[SourceVersionDate "2018.12.11"]
[SourceQuality "1"]
[WhiteTeam "Venezuela"]
[BlackTeam "Serbia"]
[WhiteTeamCountry "VEN"]
[BlackTeamCountry "SRB"]

1. Nf3 Nf6 2. c4 g6 3. g3 Bg7 4. Bg2 0-0 5. 0-0 d6 6. d4 c6 7. Nc3 Bf5 8. Nh4 Be6 9. Qd3 d5 10. b3 Qa5 11. c5 b6 12. cxb6 axb6 13. Bb2 Rd8 14. e3 Bc8 15. Rfd1 Nbd7 16. Nf3 Bb7 17. Rac1 e6 18. a3 c5 19. Qc2 Rac8 20. Qe2 Qa8 21. Nd2 e5 22. Nb5 cxd4 23. exd4 e4 24. Bh3 Ba6 25. a4 Bh6 26. Ba3 Rxc1 27. Bxc1 Rc8 28. Ba3 Rc2 29. Bb4 Qc6 30. Qf1 Nf8 31. Nb1 e3 32. fxe3 Bxe3+ 33. Kh1 Ne4 34. Be1 Rb2 35. Qd3 Bf2 36. Qf1 Bxe1 37. Rxe1 Nf2+ 38. Kg1 Nxh3+ 39. Qxh3 Qc2 40. Rf1 Rxb1 0-1

[Event "Olympiad-43"]
[Site "Batumi"]
[Date "2018.09.28"]
[Round "5.32"]
[White "Khin, Than"]
[Black "Zavarce Sayago, Oscar Enrique"]
[Result "0-1"]
[WhiteElo "2200"]
[BlackElo "2346"]
[PlyCount "152"]
[EventDate "2018.09.24"]
[EventType "team-swiss"]
[EventRounds "11"]
[EventCountry "GEO"]
[SourceTitle "CBM 187"]
[Source "ChessBase"]
[SourceDate "2018.12.11"]
[SourceVersion "1"]
[SourceVersionDate "2018.12.11"]
[SourceQuality "1"]
[WhiteTeam "Myanmar"]
[BlackTeam "Venezuela"]
[WhiteTeamCountry "MYA"]
[BlackTeamCountry "VEN"]

1. d4 c5 2. e3 Nf6 3. c3 b6 4. Nf3 Bb7 5. Bd3 g6 6. Nbd2 Bg7 7. 0-0 0-0 8. e4 d6 9. Re1 Nc6 10. d5 Ne5 11. Nxe5 dxe5 12. Nc4 Nh5 13. a4 Rb8 14. Be2 Nf4 15. Bf3 Ba6 16. b3 e6 17. Bxf4 exf4 18. e5 exd5 19. Bxd5 Qc7 20. e6 fxe6 21. Rxe6 Kh8 22. Qf3 Rbe8 23. Rae1 Rxe6 24. Rxe6 Bc8 25. Re1 Bf5 26. h3 a6 27. Nd2 b5 28. axb5 axb5 29. c4 b4 30. Ne4 h6 31. Re2 Bd4 32. Ra2 Qe7 33. Qxf4 g5 34. Qd6 Qxd6 35. Nxd6 Bb1 36. Re2 Bd3 37. Rd2 Bg6 38. Nb5 Bf6 39. f3 Re8 40. Kf2 Be5 41. g3 h5 42. Bc6 Re6 43. Be4 Bxe4 44. fxe4 Rf6+ 45. Kg2 h4 46. gxh4 gxh4 47. Rd5 Rg6+ 48. Kf2 Bh2 49. Rd3 Bg3+ 50. Ke2 Rf6 51. Rf3 Ra6 52. e5 Ra2+ 53. Kd3 Bxe5 54. Ke4 Bg3 55. Kf5 Kg7 56. Rd3 Rh2 57. Rd7+ Kh6 58. Nd6 Rf2+ 59. Ke4 Kg6 60. Nb7 Re2+ 61. Kf3 Rf2+ 62. Ke4 Re2+ 63. Kd3 Rh2 64. Nxc5 Rxh3 65. Ke4 Rh1 66. Kf3 Rf1+ 67. Kg4 Rf4+ 68. Kh3 Rf3 69. Rd3 Rf1 70. Ne4 Be5 71. Kg2 Re1 72. Nd2 Rd1 73. Nf3 h3+ 74. Kf2 Bg3+ 75. Ke2 Rb1 76. Nd2 Re1+ 0-1

[Event "Olympiad-43"]
[Site "Batumi"]
[Date "2018.09.26"]
[Round "3.32"]
[White "Khader, Aram"]
[Black "Zavarce Sayago, Oscar Enrique"]
[Result "0-1"]
[WhiteElo "2171"]
[BlackElo "2346"]
[PlyCount "106"]
[EventDate "2018.09.24"]
[EventType "team-swiss"]
[EventRounds "11"]
[EventCountry "GEO"]
[SourceTitle "CBM 187"]
[Source "ChessBase"]
[SourceDate "2018.12.11"]
[SourceVersion "1"]
[SourceVersionDate "2018.12.11"]
[SourceQuality "1"]
[WhiteTeam "Syria"]
[BlackTeam "Venezuela"]
[WhiteTeamCountry "SYR"]
[BlackTeamCountry "VEN"]

1. e4 c5 2. Nf3 e6 3. d4 cxd4 4. Nxd4 a6 5. Nc3 b5 6. a3 Bb7 7. Bd3 Qb6 8. Nb3 Qc7 9. 0-0 Nf6 10. Qe2 d6 11. Bd2 Nc6 12. f4 Be7 13. Kh1 0-0 14. Rae1 Rfe8 15. Rf3 Nd7 16. Rh3 g6 17. Rf1 Bf8 18. Qf2 Qd8 19. Qg3 Bg7 20. f5 Nce5 21. Bg5 Bf6 22. Bxf6 Nxf6 23. Nd4 Nfg4 24. Rh4 Qb6 25. Nce2 exf5 26. Nxf5 gxf5 27. Rxf5 Bc8 28. Rxg4+ Nxg4 29. Qxg4+ Kf8 30. Qh4 Bxf5 31. exf5 Qe3 32. f6 h6 33. Qg4 Qg5 34. Qf3 Rac8 35. g3 Re6 36. Qb7 Rce8 37. Nf4 Rxf6 38. Qxa6 Re5 39. Qc8+ Kg7 40. Qc3 Qg4 41. Qd2 h5 42. Kg2 h4 43. Kf2 hxg3+ 44. hxg3 Qh3 45. Bf1 Qh2+ 46. Bg2 Re4 47. Kf3 d5 48. b3 Qg1 49. a4 bxa4 50. bxa4 Qc5 51. a5 Rc4 52. Kg4 Qc8+ 53. Kf3 Rc3+ 0-1

[Event "Olympiad-43"]
[Site "Batumi"]
[Date "2018.09.24"]
[Round "1.62"]
[White "Wojciechowski, Paul"]
[Black "Zavarce Sayago, Oscar Enrique"]
[Result "0-1"]
[WhiteElo "1904"]
[BlackElo "2346"]
[PlyCount "69"]
[EventDate "2018.09.24"]
[EventType "team-swiss"]
[EventRounds "11"]
[EventCountry "GEO"]
[SourceTitle "CBM 187"]
[Source "ChessBase"]
[SourceDate "2018.12.11"]
[SourceVersion "1"]
[SourceVersionDate "2018.12.11"]
[SourceQuality "1"]
[WhiteTeam "Jersey"]
[BlackTeam "Venezuela"]
[WhiteTeamCountry "GCI"]
[BlackTeamCountry "VEN"]

1. e4 c5 2. Nf3 e6 3. d4 cxd4 4. Nxd4 a6 5. Nc3 Qc7 6. Be3 Bb4 7. Qd3 Nf6 8. f3 d5 9. 0-0-0 e5 10. Nxd5 Nxd5 11. exd5 exd4 12. Qxd4 Bd6 13. Qxg7 Be5 14. Qg5 Qe7 15. Qxe7+ Kxe7 16. Bd3 Nd7 17. g3 Kd6 18. Be4 b5 19. b3 b4 20. Bd4 a5 21. Rhe1 Bxd4 22. Rxd4 Nc5 23. Kd2 Bd7 24. c4 bxc3+ 25. Kxc3 Rac8 26. Kd2 h5 27. Bc2 Na6 28. Rf4 Nb4 29. Rf6+ Kc7 30. Rxf7 Nxc2 31. Kxc2 Kd6+ 32. Kb2 Rhf8 33. Rxf8 Rxf8 34. f4 Rf5 35. Kc2 0-1

[Event "Porlamar FVA"]
[Site "Porlamar"]
[Date "2018.03.18"]
[Round "9.2"]
[White "Sanchez Alvarez, Kelvin Antonio"]
[Black "Zavarce Sayago, Oscar Enrique"]
[Result "0-1"]
[WhiteElo "2261"]
[BlackElo "2330"]
[PlyCount "74"]
[EventDate "2018.03.14"]
[EventType "tourn"]
[EventRounds "9"]
[EventCountry "VEN"]
[SourceTitle "EXT 2022"]
[Source "ChessBase"]
[SourceDate "2021.10.06"]
[SourceVersion "1"]
[SourceVersionDate "2021.10.06"]
[SourceQuality "1"]

1. e4 g6 2. d4 Bg7 3. c4 d6 4. Nc3 Nf6 5. f3 c6 6. Nge2 a6 7. a4 a5 8. Be3 Na6 9. Qd2 Nb4 10. Ng3 0-0 11. Be2 e5 12. d5 cxd5 13. cxd5 Nd7 14. Rc1 b6 15. Nb5 Nc5 16. Qd1 f5 17. 0-0 f4 18. Bxc5 bxc5 19. Nh1 g5 20. Nf2 Rf6 21. Na3 h5 22. h3 Rg6 23. Nc4 Bf6 24. Rc3 Ra7 25. b3 Rag7 26. Kh2 g4 27. fxg4 Bh4 28. g3 fxg3+ 29. Rxg3 Bxg3+ 30. Kxg3 Rf7 31. Nh1 Rh7 32. Nf2 hxg4 33. Bxg4 Qh4+ 34. Kf3 Bxg4+ 35. hxg4 Rf6+ 36. Ke2 Rhf7 37. Qe1 Nc2 0-1

[Event "Porlamar Margarita"]
[Site "Porlamar"]
[Date "2018.03.11"]
[Round "9"]
[White "Gomez Perez, Humberto"]
[Black "Zavarce Sayago, Oscar Enrique"]
[Result "0-1"]
[WhiteElo "2074"]
[BlackElo "2330"]
[PlyCount "50"]
[EventDate "2018.03.07"]
[EventType "tourn"]
[EventRounds "9"]
[EventCountry "VEN"]
[SourceTitle "EXT 2019"]
[Source "ChessBase"]
[SourceDate "2018.10.10"]
[SourceVersion "1"]
[SourceVersionDate "2018.10.10"]
[SourceQuality "1"]

1. e4 c5 2. c3 Nf6 3. e5 Nd5 4. Nf3 Nc6 5. Bc4 Nb6 6. Bb3 d5 7. d4 cxd4 8. cxd4 Bg4 9. Nc3 Bxf3 10. gxf3 e6 11. Be3 Be7 12. Rg1 g6 13. Rc1 Rc8 14. Kf1 Na5 15. Ba4+ Nxa4 16. Qxa4+ Rc6 17. Kg2 a6 18. Nb1 Nc4 19. b4 0-0 20. Nd2 b5 21. Qb3 f6 22. f4 fxe5 23. fxe5 Bg5 24. Nxc4 dxc4 25. Bxg5 Qd5+ 0-1

[Event "Porlamar Margarita"]
[Site "Porlamar"]
[Date "2018.03.10"]
[Round "7"]
[White "Ostos, Julio Eduardo"]
[Black "Zavarce Sayago, Oscar Enrique"]
[Result "1/2-1/2"]
[WhiteElo "2242"]
[BlackElo "2330"]
[PlyCount "31"]
[EventDate "2018.03.07"]
[EventType "tourn"]
[EventRounds "9"]
[EventCountry "VEN"]
[SourceTitle "EXT 2019"]
[Source "ChessBase"]
[SourceDate "2018.10.10"]
[SourceVersion "1"]
[SourceVersionDate "2018.10.10"]
[SourceQuality "1"]

1. e4 c5 2. Nf3 e6 3. Nc3 a6 4. d4 cxd4 5. Nxd4 Qc7 6. g3 Nc6 7. Bg2 Bc5 8. Be3 d6 9. Nxc6 Bxe3 10. fxe3 bxc6 11. Qg4 f6 12. Qh5+ Kf8 13. 0-0-0 e5 14. Bh3 Nh6 15. Bxc8 Rxc8 16. Qe2 1/2-1/2

[Event "Porlamar Margarita"]
[Site "Porlamar"]
[Date "2018.03.10"]
[Round "6"]
[White "Zavarce Sayago, Oscar Enrique"]
[Black "Valderrama Espinosa, Gilberto"]
[Result "1-0"]
[WhiteElo "2330"]
[BlackElo "2233"]
[PlyCount "89"]
[EventDate "2018.03.07"]
[EventType "tourn"]
[EventRounds "9"]
[EventCountry "VEN"]
[SourceTitle "EXT 2019"]
[Source "ChessBase"]
[SourceDate "2018.10.10"]
[SourceVersion "1"]
[SourceVersionDate "2018.10.10"]
[SourceQuality "1"]

1. Nf3 Nf6 2. c4 d6 3. d4 g6 4. Nc3 Bg7 5. g3 0-0 6. Bg2 c6 7. 0-0 Nbd7 8. e4 e5 9. h3 exd4 10. Nxd4 Re8 11. Re1 Nc5 12. Rb1 a5 13. f3 Nfd7 14. Be3 Ne5 15. b3 Ned3 16. Re2 f5 17. Rd2 fxe4 18. fxe4 Ne5 19. Nde2 Ne6 20. Rxd6 Qe7 21. Na4 Rf8 22. Nf4 Ng5 23. Bc5 Qe8 24. Nb6 Ra6 25. Nxc8 Qxc8 26. h4 Ngf7 27. Bh3 Qb8 28. Ne6 b6 29. Ba3 c5 30. Rd5 Re8 31. Nxg7 Kxg7 32. Bb2 Kg8 33. Kg2 a4 34. Qd2 axb3 35. axb3 Ra2 36. Ra1 Rxa1 37. Bxa1 Qc7 38. Qf4 Qe7 39. Kh2 h5 40. Bc3 Ng4+ 41. Bxg4 hxg4 42. h5 g5 43. Qxg4 Qxe4 44. Rxg5+ Nxg5 45. Qxg5+ 1-0

[Event "San Cristobal FISS op 28th"]
[Site "San Cristobal"]
[Date "2018.02.04"]
[Round "8"]
[White "Zavarce Sayago, Oscar Enrique"]
[Black "Rivera, Ingris"]
[Result "1-0"]
[WhiteElo "2279"]
[BlackElo "2229"]
[PlyCount "155"]
[EventDate "2018.01.31"]
[EventType "tourn"]
[EventRounds "9"]
[EventCountry "VEN"]
[SourceTitle "CBM 182 Extra"]
[Source "ChessBase"]
[SourceDate "2018.02.23"]
[SourceVersion "1"]
[SourceVersionDate "2018.02.23"]
[SourceQuality "1"]

1. e4 c5 2. Nf3 d6 3. d4 cxd4 4. Nxd4 Nf6 5. Nc3 a6 6. h3 e5 7. Nb3 h5 8. Bg5 Be7 9. Be2 Nbd7 10. a4 b6 11. Nd2 Bb7 12. Nc4 Qc7 13. Ne3 Rc8 14. Bc4 Qb8 15. Qe2 Qa8 16. Nf5 Bf8 17. 0-0-0 b5 18. axb5 Nxe4 19. Nxe4 Bxe4 20. Nxd6+ Bxd6 21. Rxd6 axb5 22. Rxd7 Kxd7 23. Rd1+ Ke8 24. Bb3 f6 25. Qxb5+ Qc6 26. Qxc6+ Bxc6 27. Be3 Rd8 28. Rg1 g5 29. c4 Ke7 30. Bc2 Ra8 31. Kd2 Rhc8 32. b4 Ke6 33. g4 hxg4 34. hxg4 e4 35. Rb1 Ra2 36. Kc3 Bd5 37. Bb3 Ra3 38. Kd4 Bb7 39. b5 Rd8+ 40. Kc5 Raa8 41. Kb4 Ke5 42. Bb6 Rd2 43. Re1 Bc8 44. Bc7+ Kd4 45. f3 Bb7 46. c5 Bd5 47. Bxd5 Kxd5 48. fxe4+ Kd4 49. Rb1 Kxe4 50. b6 Kd5 51. b7 Re8 52. b8Q Rxb8+ 53. Bxb8 Kc6 54. Bd6 Rd4+ 55. Ka5 Rxg4 56. Rb6+ Kd5 57. Bf8 Rg1 58. Rd6+ Ke5 59. Bg7 g4 60. Bxf6+ Ke4 61. c6 g3 62. Bd4 Rc1 63. Bb6 g2 64. Rg6 Kf5 65. Rd6 Ra1+ 66. Kb5 Rb1+ 67. Ka5 Ra1+ 68. Kb5 Rb1+ 69. Ka4 Rxb6 70. c7 Rxd6 71. c8Q+ Ke4 72. Qg4+ Ke5 73. Qxg2 Rd4+ 74. Kb5 Rd5+ 75. Kc4 Rd4+ 76. Kc5 Re4 77. Qg5+ Ke6 78. Qd5+ 1-0

[Event "San Cristobal FISS op 28th"]
[Site "San Cristobal"]
[Date "2018.02.03"]
[Round "7"]
[White "Ostos, Julio Eduardo"]
[Black "Zavarce Sayago, Oscar Enrique"]
[Result "1/2-1/2"]
[WhiteElo "2271"]
[BlackElo "2279"]
[PlyCount "60"]
[EventDate "2018.01.31"]
[EventType "tourn"]
[EventRounds "9"]
[EventCountry "VEN"]
[SourceTitle "CBM 182 Extra"]
[Source "ChessBase"]
[SourceDate "2018.02.23"]
[SourceVersion "1"]
[SourceVersionDate "2018.02.23"]
[SourceQuality "1"]

1. e4 c5 2. Nf3 e6 3. d4 cxd4 4. Nxd4 Nc6 5. Nc3 Qc7 6. Qd3 a6 7. Nxc6 bxc6 8. Qg3 Qxg3 9. hxg3 Rb8 10. Bd3 Nf6 11. f3 d5 12. g4 Bd6 13. g5 Nd7 14. exd5 cxd5 15. g6 h6 16. gxf7+ Kxf7 17. b3 Nf6 18. Bd2 Bg3+ 19. Kf1 Bb7 20. Ne2 Be5 21. Re1 g5 22. f4 Bd6 23. Nd4 Rbe8 24. fxg5 hxg5 25. Rxh8 Rxh8 26. Nxe6 Rh1+ 27. Kf2 Ng4+ 28. Kf3 Nh2+ 29. Kf2 Ng4+ 30. Kf3 Nh2+ 1/2-1/2

[Event "San Cristobal FISS op 28th"]
[Site "San Cristobal"]
[Date "2018.02.02"]
[Round "5"]
[White "Brizuela Abreu, Ronald Jesus"]
[Black "Zavarce Sayago, Oscar Enrique"]
[Result "1/2-1/2"]
[WhiteElo "2305"]
[BlackElo "2279"]
[PlyCount "26"]
[EventDate "2018.01.31"]
[EventType "tourn"]
[EventRounds "9"]
[EventCountry "VEN"]
[SourceTitle "CBM 182 Extra"]
[Source "ChessBase"]
[SourceDate "2018.02.23"]
[SourceVersion "1"]
[SourceVersionDate "2018.02.23"]
[SourceQuality "1"]

1. d4 Nf6 2. c4 e6 3. Nf3 b6 4. g3 Ba6 5. Qa4 c5 6. Bg2 Bb7 7. dxc5 bxc5 8. 0-0 Be7 9. Nc3 0-0 10. Rd1 a6 11. Bf4 d6 12. Rd2 Qc7 13. Rad1 Rd8 1/2-1/2

[Event "San Cristobal FISS op 28th"]
[Site "San Cristobal"]
[Date "2018.02.02"]
[Round "4"]
[White "Zavarce Sayago, Oscar Enrique"]
[Black "Ruiz Aguilar, Pablo Alexander"]
[Result "1-0"]
[WhiteElo "2279"]
[BlackElo "2278"]
[PlyCount "61"]
[EventDate "2018.01.31"]
[EventType "tourn"]
[EventRounds "9"]
[EventCountry "VEN"]
[SourceTitle "CBM 182 Extra"]
[Source "ChessBase"]
[SourceDate "2018.02.23"]
[SourceVersion "1"]
[SourceVersionDate "2018.02.23"]
[SourceQuality "1"]

1. e4 c5 2. Nf3 e6 3. d4 cxd4 4. Nxd4 a6 5. c4 Nf6 6. Nc3 Qc7 7. Be2 Bb4 8. Qd3 b6 9. a3 Bxc3+ 10. Qxc3 Nxe4 11. Nb5 axb5 12. Qxg7 Rf8 13. Bh6 Qc5 14. f3 b4 15. Qxf8+ Qxf8 16. Bxf8 Kxf8 17. fxe4 Nc6 18. 0-0 bxa3 19. Rxa3 Rxa3 20. bxa3 Ke7 21. Rb1 Kd6 22. Rxb6 Kc5 23. Rb5+ Kd4 24. Rh5 Ba6 25. Rxh7 Ne5 26. Kf2 Bb7 27. Bf3 Ba6 28. h4 Bxc4 29. h5 f5 30. exf5 Bd3 31. fxe6 1-0

[Event "San Cristobal FISS op 28th"]
[Site "San Cristobal"]
[Date "2018.02.01"]
[Round "3"]
[White "Valderrama Quiceno, Esteban Alberto"]
[Black "Zavarce Sayago, Oscar Enrique"]
[Result "1/2-1/2"]
[WhiteElo "2429"]
[BlackElo "2279"]
[PlyCount "21"]
[EventDate "2018.01.31"]
[EventType "tourn"]
[EventRounds "9"]
[EventCountry "VEN"]
[SourceTitle "CBM 182 Extra"]
[Source "ChessBase"]
[SourceDate "2018.02.23"]
[SourceVersion "1"]
[SourceVersionDate "2018.02.23"]
[SourceQuality "1"]

1. e4 c5 2. Nf3 b6 3. g3 Bb7 4. Bg2 Nf6 5. 0-0 g6 6. Nc3 Bg7 7. d4 cxd4 8. Qxd4 d6 9. b3 0-0 10. Bb2 Nxe4 11. Qe3 1/2-1/2

[Event "San Cristobal FISS op 28th"]
[Site "San Cristobal"]
[Date "2018.02.01"]
[Round "2"]
[White "Zavarce Sayago, Oscar Enrique"]
[Black "Diaz Leon, Richard"]
[Result "1/2-1/2"]
[WhiteElo "2279"]
[BlackElo "2202"]
[PlyCount "74"]
[EventDate "2018.01.31"]
[EventType "tourn"]
[EventRounds "9"]
[EventCountry "VEN"]
[SourceTitle "CBM 182 Extra"]
[Source "ChessBase"]
[SourceDate "2018.02.23"]
[SourceVersion "1"]
[SourceVersionDate "2018.02.23"]
[SourceQuality "1"]

1. Nf3 Nf6 2. c4 c6 3. Nc3 d5 4. e3 g6 5. d4 Bg7 6. Bd3 0-0 7. h3 b6 8. 0-0 Bb7 9. Rb1 Nbd7 10. b4 dxc4 11. Bxc4 Nd5 12. Ne2 b5 13. Bd3 a5 14. a3 axb4 15. axb4 e5 16. e4 N5b6 17. Bg5 Bf6 18. Bxf6 Qxf6 19. Nxe5 Nxe5 20. dxe5 Qxe5 21. f4 Qe7 22. f5 Rfd8 23. Rb3 c5 24. f6 Qf8 25. bxc5 Qxc5+ 26. Kh1 Bxe4 27. Qb1 Bxd3 28. Rxd3 Nc4 29. Rfd1 Re8 30. Nc3 Ne3 31. Re1 b4 32. Na2 Rab8 33. Qb3 Nc2 34. Rc1 Rbc8 35. Rd7 Qc4 36. Qxc4 Rxc4 37. Nxb4 Rxb4 1/2-1/2